[Event "POL-chT 1st League"]
[Site "Szklarska Poreba"]
[Date "2021.09.05"]
[Round "2.3"]
[White "Pinski, Jan"]
[Black "Redzisz, Michal"]
[Result "0-1"]
[WhiteElo "2337"]
[BlackElo "2219"]
[PlyCount "118"]
[EventDate "2021.09.04"]
[EventType "team-swiss"]
[EventRounds "9"]
[EventCountry "POL"]
[SourceTitle "CBM 204 Extra"]
[Source "ChessBase"]
[SourceDate "2021.11.30"]
[SourceVersion "1"]
[SourceVersionDate "2021.11.30"]
[SourceQuality "1"]
[WhiteTeam "Stara Wies Parnas"]
[BlackTeam "Jastrzebie Zdroj Pionier"]
[WhiteTeamCountry "POL"]
[BlackTeamCountry "POL"]

1. d4 Nf6 2. Nc3 d5 3. Bg5 Nbd7 4. f3 c6 5. Qd2 Qa5 6. e3 e6 7. a3 b5 8. Ra2 Qc7 9. Bd3 Bd6 10. Nge2 0-0 11. Bxf6 Nxf6 12. f4 a5 13. 0-0 Ba6 14. e4 b4 15. axb4 Bxd3 16. Qxd3 axb4 17. Rxa8 Rxa8 18. e5 bxc3 19. Nxc3 Be7 20. exf6 Bxf6 21. Ne2 c5 22. c3 cxd4 23. cxd4 Qb6 24. Qc3 Rb8 25. Rc1 g6 26. Rc2 h5 27. g3 Kg7 28. Kg2 Qb5 29. h3 Qa4 30. Rd2 Rb3 31. Qc2 Qb5 32. Nc3 Qc4 33. Ne2 Qb5 34. Nc3 Qc4 35. Ne2 Qxc2 36. Rxc2 Rd3 37. b4 Rb3 38. h4 Rxb4 39. Rd2 Bd8 40. Ng1 Bb6 41. Nf3 Kf6 42. Rc2 Bxd4 43. Rc7 Ra4 44. Nxd4 Rxd4 45. Kf3 Rd3+ 46. Kf2 Rb3 47. Rd7 Rb8 48. Kf3 Rb3+ 49. Kf2 Rb8 50. Kf3 Re8 51. g4 hxg4+ 52. Kxg4 Re7 53. Rd8 Rc7 54. Rd6 Ke7 55. Ra6 Rd7 56. Ra3 d4 57. Rd3 Kf6 58. f5 gxf5+ 59. Kh5 Rd8 0-1

[Event "POL-chT 1st League"]
[Site "Szklarska Poreba"]
[Date "2021.09.04"]
[Round "1.5"]
[White "Kulesza, Andrzej"]
[Black "Pinski, Jan"]
[Result "1/2-1/2"]
[WhiteElo "1983"]
[BlackElo "2337"]
[PlyCount "122"]
[EventDate "2021.09.04"]
[EventType "team-swiss"]
[EventRounds "9"]
[EventCountry "POL"]
[SourceTitle "CBM 204 Extra"]
[Source "ChessBase"]
[SourceDate "2021.11.30"]
[SourceVersion "1"]
[SourceVersionDate "2021.11.30"]
[SourceQuality "1"]
[WhiteTeam "Krakow Gens Una Sumus"]
[BlackTeam "Stara Wies Parnas"]
[WhiteTeamCountry "POL"]
[BlackTeamCountry "POL"]

1. e4 c5 2. Nf3 Nc6 3. d4 cxd4 4. Nxd4 e5 5. Nb5 d6 6. N1c3 a6 7. Na3 Be7 8. Be3 Nf6 9. Nc4 Be6 10. Nb6 Rb8 11. Be2 0-0 12. 0-0 Nxe4 13. Nxe4 f5 14. Nc3 f4 15. Bc4 Bxc4 16. Nxc4 fxe3 17. Nxe3 Nd4 18. Ncd5 Bg5 19. c3 Ne6 20. Qg4 Qe8 21. Rae1 Qg6 22. h4 Bd8 23. g3 Qxg4 24. Nxg4 h5 25. Nge3 b5 26. f4 exf4 27. Ng2 Rf5 28. Rxe6 Rxd5 29. Nxf4 Bb6+ 30. Kh1 Rd2 31. Ng6 Bf2 32. Ne7+ Kf7 33. Re3 Re8 34. Rf3+ Kxe7 35. R3xf2 Rxf2 36. Rxf2 Kd7 37. Kg2 g6 38. Rd2 Kc6 39. Kf3 d5 40. Rd4 a5 41. a3 Kd6 42. Kf2 Re4 43. Kf3 Ke5 44. Rd1 Ke6 45. Rd3 Kd6 46. Rd4 Ke5 47. Rd1 a4 48. Rd3 Kd6 49. Kf2 Kc5 50. Rd2 Kc4 51. Kf1 d4 52. cxd4 Rxd4 53. Ke2 Rg4 54. Rd3 b4 55. axb4 Kxb4 56. Kd2 Kc4 57. Kc2 g5 58. hxg5 Rxg5 59. Ra3 Kb4 60. Rf3 Kb5 61. Rf4 Rxg3 1/2-1/2

[Event "POL-chT 2nd League"]
[Site "Poronin"]
[Date "2020.09.12"]
[Round "8.4"]
[White "Psyk, Radoslaw"]
[Black "Pinski, Jan"]
[Result "1-0"]
[WhiteElo "2354"]
[BlackElo "2342"]
[PlyCount "103"]
[EventDate "2020.09.05"]
[EventType "team-swiss"]
[EventRounds "9"]
[EventCountry "POL"]
[SourceTitle "CBM 198 Extra"]
[Source "ChessBase"]
[SourceDate "2020.11.30"]
[SourceVersion "1"]
[SourceVersionDate "2020.11.30"]
[SourceQuality "1"]
[WhiteTeam "Pilzno GKSz Hetman"]
[BlackTeam "Stara Wies Parnas"]
[WhiteTeamCountry "POL"]
[BlackTeamCountry "POL"]

1. e4 c5 2. Nc3 Nc6 3. Bb5 e6 4. Bxc6 bxc6 5. f4 d5 6. Nf3 c4 7. 0-0 Bc5+ 8. Kh1 Nf6 9. Qe2 0-0 10. b3 Ba6 11. Ne5 Qc7 12. bxc4 Nd7 13. Nxd7 Qxd7 14. Bb2 Rab8 15. Na4 Be7 16. f5 d4 17. f6 gxf6 18. Rf3 Kh8 19. Ba3 Bxa3 20. Rxa3 Qd6 21. Rb3 Qe5 22. Rab1 Rxb3 23. axb3 c5 24. Nb2 Bb7 25. Re1 Rg8 26. Nd3 Qg5 27. Qf2 Bc6 28. h4 Qg7 29. Nxc5 f5 30. d3 a5 31. Ra1 Qe5 32. Rxa5 fxe4 33. dxe4 Bxe4 34. Nxe4 Qxa5 35. Qxd4+ Rg7 36. Ng5 f6 37. Nf3 Qf5 38. c5 e5 39. Qd2 e4 40. Ng1 Rg4 41. c6 Rxh4+ 42. Nh3 Qf1+ 43. Kh2 Rg4 44. c7 Qf5 45. Qc3 Rg8 46. b4 Qe6 47. Ng5 Qd6+ 48. g3 Qa6 49. b5 Qb6 50. c8Q Qf2+ 51. Kh3 Qf1+ 52. Kh4 1-0

[Event "POL-chT 2nd League"]
[Site "Poronin"]
[Date "2020.09.05"]
[Round "1.2"]
[White "Pinski, Jan"]
[Black "Gumula, Daniel"]
[Result "1-0"]
[WhiteElo "2342"]
[BlackElo "2177"]
[PlyCount "95"]
[EventDate "2020.09.05"]
[EventType "team-swiss"]
[EventRounds "9"]
[EventCountry "POL"]
[SourceTitle "CBM 198 Extra"]
[Source "ChessBase"]
[SourceDate "2020.11.30"]
[SourceVersion "1"]
[SourceVersionDate "2020.11.30"]
[SourceQuality "1"]
[WhiteTeam "Stara Wies Parnas"]
[BlackTeam "Jaworzno"]
[WhiteTeamCountry "POL"]
[BlackTeamCountry "POL"]

1. e4 c5 2. c3 b6 3. d4 Bb7 4. d5 Nf6 5. Bd3 c4 6. Bc2 e6 7. dxe6 fxe6 8. Qe2 Qc7 9. f4 Bc5 10. Nf3 Nc6 11. Be3 Bxe3 12. Qxe3 Ng4 13. Qd2 Rf8 14. e5 Ne7 15. h3 Nh6 16. 0-0 Nd5 17. Ng5 Qc5+ 18. Kh2 Ne3 19. Rf2 0-0-0 20. Na3 Nf7 21. Nxf7 Rxf7 22. Nb5 Qxb5 23. Qxe3 Rdf8 24. Raf1 g6 25. Be4 Bxe4 26. Qxe4 Qc6 27. Qd4 Rf5 28. Qe3 h6 29. g4 R5f7 30. Kg3 d5 31. exd6 Qxd6 32. Rd2 Qc6 33. Qe5 Rd7 34. Rxd7 Qxd7 35. Qe4 Qd3+ 36. Qxd3 cxd3 37. Rd1 g5 38. fxg5 hxg5 39. Rxd3 Rf1 40. Rd2 Rg1+ 41. Rg2 Rd1 42. h4 Rd3+ 43. Kh2 gxh4 44. g5 Rd8 45. Kh3 Rd1 46. g6 Rh1+ 47. Kg4 h3 48. Rg3 1-0

[Event "Mazowiec-chT 1112"]
[Site "Poland"]
[Date "2012.02.26"]
[Round "10.7"]
[White "Pinski, Jan"]
[Black "Choroszej, Aleksander"]
[Result "1-0"]
[WhiteElo "2353"]
[BlackElo "2070"]
[PlyCount "31"]
[EventDate "2012.01.08"]
[EventType "team-tourn"]
[EventRounds "10"]
[EventCountry "POL"]
[SourceTitle "EXT 2019"]
[Source "ChessBase"]
[SourceDate "2018.10.10"]
[SourceVersion "1"]
[SourceVersionDate "2018.10.10"]
[SourceQuality "1"]

1. e4 g6 2. d4 Bg7 3. Nc3 d6 4. Bg5 a6 5. a4 b6 6. Bc4 Bb7 7. Nf3 Nd7 8. Qe2 c5 9. e5 cxd4 10. e6 fxe6 11. Qxe6 Ne5 12. Nxe5 Bxe5 13. f4 Bxf4 14. Bxf4 dxc3 15. Qf7+ Kd7 16. Bxd6 1-0

[Event "Mazowiec-chT 1112"]
[Site "Poland"]
[Date "2012.02.19"]
[Round "7.18"]
[White "Pinski, Jan"]
[Black "Malec, Sebastian"]
[Result "1-0"]
[WhiteElo "2353"]
[BlackElo "2143"]
[PlyCount "97"]
[EventDate "2012.01.08"]
[EventType "team-tourn"]
[EventRounds "10"]
[EventCountry "POL"]
[SourceTitle "EXT 2019"]
[Source "ChessBase"]
[SourceDate "2018.10.10"]
[SourceVersion "1"]
[SourceVersionDate "2018.10.10"]
[SourceQuality "1"]

1. e4 c5 2. c3 Nf6 3. e5 Nd5 4. d4 cxd4 5. cxd4 e6 6. Nf3 b6 7. Nc3 Nxc3 8. bxc3 Qc7 9. Bd2 d6 10. Bd3 Nd7 11. 0-0 dxe5 12. Ng5 Bb7 13. Qh5 g6 14. Qh3 Bg7 15. Rae1 h6 16. Bxg6 hxg5 17. Qxe6+ Kd8 18. Bxf7 Qc6 19. Bxg5+ Kc7 20. d5 Qd6 21. f4 e4 22. Qxe4 Bf6 23. Qc4+ Nc5 24. Re6 Bxd5 25. Rxd6 Bxc4 26. Rxf6 Bxf1 27. Kxf1 Rxh2 28. Bd5 Re8 29. Kg1 Rh7 30. f5 Re1+ 31. Kf2 Nd3+ 32. Kg3 Rg7 33. Rg6 Rd7 34. Be6 Rh7 35. Rg8 Nc5 36. Bd5 Kd6 37. c4 Ne4+ 38. Kf4 Nc3 39. Rg6+ Kc5 40. Rc6+ Kb4 41. Bf3 Ka3 42. Re6 Rb1 43. Re7 Rhh1 44. Rxa7+ Kb4 45. f6 Kxc4 46. Rc7+ Kd3 47. Rxc3+ Kxc3 48. f7 Rb4+ 49. Kg3 1-0

[Event "Mazowiec-chT 1112"]
[Site "Poland"]
[Date "2012.02.19"]
[Round "8.12"]
[White "Suliborski, Jakub"]
[Black "Pinski, Jan"]
[Result "0-1"]
[WhiteElo "1987"]
[BlackElo "2353"]
[PlyCount "54"]
[EventDate "2012.01.08"]
[EventType "team-tourn"]
[EventRounds "10"]
[EventCountry "POL"]
[SourceTitle "EXT 2019"]
[Source "ChessBase"]
[SourceDate "2018.10.10"]
[SourceVersion "1"]
[SourceVersionDate "2018.10.10"]
[SourceQuality "1"]

1. f4 e5 2. e4 exf4 3. Nf3 d6 4. d4 g5 5. h4 g4 6. Ng1 f5 7. Bxf4 fxe4 8. c4 Bg7 9. Nc3 Nf6 10. Qd2 0-0 11. h5 Nc6 12. Nge2 g3 13. h6 Bh8 14. 0-0-0 Ng4 15. Rh5 Bf6 16. Nxe4 Nf2 17. Nxf2 gxf2 18. Qc3 Qe8 19. Qf3 Qg6 20. Qd5+ Kh8 21. Bd2 Bg4 22. Nf4 Qf7 23. Be3 Bxd1 24. Kxd1 Qxd5 25. Rxd5 Rae8 26. Kd2 Nxd4 27. Bxd4 Bxd4 0-1

[Event "Mazowiec-chT 1112"]
[Site "Poland"]
[Date "2012.01.29"]
[Round "3.18"]
[White "Maciaga, Marcin"]
[Black "Pinski, Jan"]
[Result "1-0"]
[WhiteElo "2207"]
[BlackElo "2353"]
[PlyCount "103"]
[EventDate "2012.01.08"]
[EventType "team-tourn"]
[EventRounds "10"]
[EventCountry "POL"]
[SourceTitle "EXT 2019"]
[Source "ChessBase"]
[SourceDate "2018.10.10"]
[SourceVersion "1"]
[SourceVersionDate "2018.10.10"]
[SourceQuality "1"]

1. d4 Nf6 2. c4 c5 3. d5 b5 4. cxb5 a6 5. bxa6 g6 6. Nc3 Bxa6 7. g3 d6 8. Bg2 Bg7 9. Nf3 Nbd7 10. Rb1 Nb6 11. b3 Bc8 12. Nh4 h6 13. Qc2 Qd7 14. Bb2 0-0 15. 0-0 g5 16. Nf3 Qf5 17. e4 Qg6 18. Rfc1 Qh5 19. a4 Bg4 20. Nd2 Nbd7 21. Nd1 Bh3 22. Bh1 Ne8 23. Nc4 Bxb2 24. Rxb2 f5 25. e5 dxe5 26. d6 e4 27. dxe7 Rf7 28. Qd2 Nef6 29. Nde3 Rxe7 30. Nd5 Rg7 31. Nxf6+ Nxf6 32. Qd6 Rd7 33. Qe6+ Kg7 34. Rd2 Rxd2 35. Qe7+ Qf7 36. Qxf7+ Kxf7 37. Nxd2 Rd8 38. Nc4 f4 39. Bg2 Bxg2 40. Kxg2 Ke6 41. a5 Nd5 42. Rd1 f3+ 43. Kf1 Rb8 44. a6 Rxb3 45. a7 Nc7 46. Ke1 Rb4 47. Rd6+ Kf5 48. Ne3+ Ke5 49. Rc6 Na8 50. Rxc5+ Kd6 51. Rc8 Nb6 52. Rb8 1-0

[Event "Mazowiec-chT 1112"]
[Site "Poland"]
[Date "2012.01.29"]
[Round "4.19"]
[White "Pinski, Jan"]
[Black "Zaczek, Jonathon"]
[Result "1-0"]
[WhiteElo "2353"]
[BlackElo "2126"]
[PlyCount "41"]
[EventDate "2012.01.08"]
[EventType "team-tourn"]
[EventRounds "10"]
[EventCountry "POL"]
[SourceTitle "EXT 2019"]
[Source "ChessBase"]
[SourceDate "2018.10.10"]
[SourceVersion "1"]
[SourceVersionDate "2018.10.10"]
[SourceQuality "1"]

1. e4 c5 2. c3 d5 3. exd5 Qxd5 4. d4 Nf6 5. Nf3 Bg4 6. dxc5 Qxc5 7. Be3 Qc7 8. Na3 Nc6 9. Nb5 Qb8 10. h3 Bh5 11. Qa4 Bxf3 12. gxf3 e5 13. Bc4 Be7 14. Rg1 0-0 15. Bh6 Nh5 16. Bb3 Kh8 17. Qg4 gxh6 18. Qxh5 Bg5 19. h4 Bf4 20. Qf5 f6 21. Bg8 1-0

[Event "Mazowiec-chT 1112"]
[Site "Poland"]
[Date "2012.01.08"]
[Round "2.1"]
[White "Borowicz, Przemyslaw"]
[Black "Pinski, Jan"]
[Result "0-1"]
[WhiteElo "1973"]
[BlackElo "2353"]
[PlyCount "88"]
[EventDate "2012.01.08"]
[EventType "team-tourn"]
[EventRounds "10"]
[EventCountry "POL"]
[SourceTitle "EXT 2019"]
[Source "ChessBase"]
[SourceDate "2018.10.10"]
[SourceVersion "1"]
[SourceVersionDate "2018.10.10"]
[SourceQuality "1"]

1. d4 Nf6 2. c4 c5 3. e3 g6 4. Nc3 Bg7 5. Nf3 0-0 6. Be2 cxd4 7. exd4 d5 8. Qb3 dxc4 9. Qxc4 a6 10. Bf4 b5 11. Qc7 Qxc7 12. Bxc7 Bb7 13. 0-0 Nc6 14. Rfd1 Rac8 15. Bg3 Nb4 16. a4 bxa4 17. Rxa4 Nbd5 18. Nxd5 Bxd5 19. Re1 Rc2 20. b4 Rb2 21. Bxa6 Bxf3 22. gxf3 Nd5 23. Bc4 Nb6 24. Bb5 Nxa4 25. Bxa4 Rxb4 26. Bc6 Rxd4 27. Rxe7 h5 28. Kg2 Bf6 29. Rb7 Bh4 30. Bxh4 Rxh4 31. Be4 Rf4 32. Rb6 Kg7 33. Kg3 Rf6 34. Rb5 Rd8 35. Kh4 Rd1 36. Rg5 Kh6 37. Rg2 Ra6 38. Kg3 f5 39. Bc2 Rd2 40. Bb3 Ra3 41. Be6 Rdd3 42. Kf4 Rxf3+ 43. Ke5 Kg7 44. Bd7 Ra2 0-1

[Event "Mazowiec-chT 1112"]
[Site "Poland"]
[Date "2012.01.08"]
[Round "1.7"]
[White "Pinski, Jan"]
[Black "Paterek, Michal"]
[Result "0-1"]
[WhiteElo "2353"]
[BlackElo "2257"]
[PlyCount "78"]
[EventDate "2012.01.08"]
[EventType "team-tourn"]
[EventRounds "10"]
[EventCountry "POL"]
[SourceTitle "EXT 2019"]
[Source "ChessBase"]
[SourceDate "2018.10.10"]
[SourceVersion "1"]
[SourceVersionDate "2018.10.10"]
[SourceQuality "1"]

1. e4 c6 2. d4 d5 3. f3 e6 4. Be3 Nd7 5. Nd2 Ne7 6. Bd3 Qb6 7. Qe2 Qxb2 8. Rb1 Qxa2 9. Nh3 g6 10. 0-0 Qa5 11. c4 Bg7 12. exd5 cxd5 13. cxd5 exd5 14. Bg5 f6 15. Bf4 Qd8 16. Rfe1 Nf8 17. Bb5+ Kf7 18. Nc4 Nf5 19. g4 Nxd4 20. Qe8+ Qxe8 21. Nd6+ Kg8 22. Rxe8 a6 23. Bf1 Nxf3+ 24. Kf2 Bf5 25. Rxb7 Rxe8 26. Nxe8 Bd7 27. Bh6 Bxh6 28. Nxf6+ Kf7 29. Nxd7 Nxd7 30. Kxf3 Ke6 31. g5 Rf8+ 32. Kg2 Bg7 33. Bxa6 Be5 34. Be2 Kd6 35. Bg4 Rf7 36. Nf2 Kc6 37. Ra7 Rxf2+ 38. Kg1 Rf7 39. Be6 Bd4+ 0-1

[Event "Warsaw YMCA 95th"]
[Site "Warsaw"]
[Date "2011.12.02"]
[Round "10"]
[White "Adamski, Andrzej"]
[Black "Pinski, Jan"]
[Result "1-0"]
[WhiteElo "2255"]
[BlackElo "2377"]
[PlyCount "31"]
[EventDate "2011.09.30"]
[EventType "tourn"]
[EventRounds "11"]
[EventCountry "POL"]
[EventCategory "3"]
[SourceTitle "EXT 2014"]
[Source "ChessBase"]
[SourceDate "2013.11.20"]
[SourceVersion "1"]
[SourceVersionDate "2013.11.20"]
[SourceQuality "1"]

1. e4 e5 2. Nf3 f5 3. Nxe5 Nf6 4. Bc4 Qe7 5. d4 d6 6. Bf7+ Kd8 7. Bb3 dxe5 8. dxe5+ Bd7 9. e6 Qd6 10. 0-0 Nxe4 11. Qf3 Nc6 12. Qxf5 Nc5 13. exd7 Nd4 14. Qf7 Ne2+ 15. Kh1 Nxc1 16. Qe8# 1-0

[Event "Warsaw YMCA Autumn 40th"]
[Site "Warsaw"]
[Date "2007.12.05"]
[Round "11"]
[White "Pinski, Jan"]
[Black "Przedmojski, Rafal"]
[Result "1/2-1/2"]
[WhiteElo "2362"]
[BlackElo "2411"]
[PlyCount "36"]
[EventDate "2007.09.26"]
[EventType "tourn"]
[EventRounds "11"]
[EventCountry "POL"]
[SourceTitle "EXT 2019"]
[Source "ChessBase"]
[SourceDate "2018.10.10"]
[SourceVersion "1"]
[SourceVersionDate "2018.10.10"]
[SourceQuality "1"]

1. e4 e5 2. Nf3 Nc6 3. Bb5 a6 4. Ba4 Nf6 5. 0-0 Be7 6. Re1 b5 7. Bb3 d6 8. c3 0-0 9. h3 Bb7 10. d4 Re8 11. a4 h6 12. Nbd2 exd4 13. cxd4 Nb4 14. axb5 axb5 15. Rxa8 Qxa8 16. e5 Nfd5 17. Ne4 Nf4 18. Bxf4 Bxe4 1/2-1/2

[Event "Warsaw YMCA Autumn 40th"]
[Site "Warsaw"]
[Date "2007.10.17"]
[Round "4"]
[White "Adamski, Andrzej"]
[Black "Pinski, Jan"]
[Result "1/2-1/2"]
[WhiteElo "2214"]
[BlackElo "2362"]
[PlyCount "136"]
[EventDate "2007.09.26"]
[EventType "tourn"]
[EventRounds "11"]
[EventCountry "POL"]
[SourceTitle "EXT 2019"]
[Source "ChessBase"]
[SourceDate "2018.10.10"]
[SourceVersion "1"]
[SourceVersionDate "2018.10.10"]
[SourceQuality "1"]

1. e4 e5 2. Nf3 Nc6 3. Bb5 f5 4. Nc3 fxe4 5. Nxe4 Nf6 6. d3 d5 7. Ng3 Bd6 8. c4 0-0 9. cxd5 Nd4 10. Nxd4 exd4 11. Ne4 c6 12. Bc4 cxd5 13. Nxf6+ Qxf6 14. Bxd5+ Kh8 15. Qe2 Bd7 16. 0-0 Bxh2+ 17. Kxh2 Qd6+ 18. Kg1 Qxd5 19. Qe4 Qd6 20. Qxb7 Bc6 21. Qb3 Qg6 22. f3 Rxf3 23. Rxf3 Bxf3 24. Qc2 Re8 25. Bf4 Qg4 26. Qf2 Bxg2 27. Qg3 Bh3 28. Qxg4 Bxg4 29. Rc1 Kg8 30. Rc7 a6 31. b4 Bf5 32. Rc4 Rd8 33. Be5 Bxd3 34. Rxd4 Rxd4 35. Bxd4 Bb5 36. Kf2 Kf7 37. Kg3 g5 38. Bb6 Kg6 39. Bd8 h5 40. Be7 Kf5 41. Bd8 Bd7 42. Be7 Ba4 43. Bd8 Bd1 44. Be7 Ba4 45. Bd8 h4+ 46. Kh3 Bd7 47. Be7 Kf4+ 48. Kg2 Kg4 49. Bd8 Bc6+ 50. Kf2 Kh5 51. Ke3 Kg4 52. Kf2 Kh5 53. Ke3 Bd7 54. Be7 Ba4 55. Bd8 Bd1 56. Be7 Kg6 57. Bd8 Kf5 58. Be7 Kg4 59. Kf2 Ba4 60. Bd8 Bc6 61. Be7 Kh5 62. Ke3 g4 63. Kf4 g3 64. Bd8 Bd7 65. Be7 Bc6 66. Bd8 g2 67. Bb6 h3 68. Kg3 Bd7 1/2-1/2

[Event "Warsaw YMCA Autumn 40th"]
[Site "Warsaw"]
[Date "2007.10.09"]
[Round "1"]
[White "Nguyen, Piotr"]
[Black "Pinski, Jan"]
[Result "1/2-1/2"]
[WhiteElo "2283"]
[BlackElo "2362"]
[PlyCount "82"]
[EventDate "2007.09.26"]
[EventType "tourn"]
[EventRounds "11"]
[EventCountry "POL"]
[SourceTitle "EXT 2019"]
[Source "ChessBase"]
[SourceDate "2018.10.10"]
[SourceVersion "1"]
[SourceVersionDate "2018.10.10"]
[SourceQuality "1"]

1. d4 Nf6 2. c4 c5 3. d5 b5 4. cxb5 a6 5. b6 Bb7 6. Nc3 e6 7. e4 exd5 8. exd5 d6 9. a4 a5 10. Bb5+ Nbd7 11. Nge2 Be7 12. 0-0 0-0 13. Nf4 Nxb6 14. Re1 Rc8 15. Qf3 Kh8 16. Bd2 Rc7 17. Rad1 Qa8 18. Bc6 Bxc6 19. dxc6 Bd8 20. Nb5 Rxc6 21. Bxa5 Nxa4 22. Bxd8 Rxd8 23. b3 Nb2 24. Nxd6 Rc7 25. Qxa8 Rxa8 26. Rb1 Rd7 27. Nxf7+ Rxf7 28. Rxb2 Rb7 29. Nd3 Rb5 30. Rc1 Rd8 31. Ne5 Kg8 32. f4 Rdb8 33. Rbc2 Rxb3 34. Rxc5 Rb1 35. h3 Rxc1+ 36. Rxc1 g6 37. g3 Rb3 38. Rc8+ Kg7 39. Rc7+ Kg8 40. Rc8+ Kg7 41. Rc7+ Kg8 1/2-1/2

[Event "Warsaw AIG Life rapid 6th"]
[Site "Warsaw"]
[Date "2006.12.17"]
[Round "12"]
[White "Sulypa, Oleksandr"]
[Black "Pinski, Jan"]
[Result "0-1"]
[WhiteElo "2478"]
[BlackElo "2362"]
[PlyCount "96"]
[EventDate "2006.12.16"]
[EventType "swiss (rapid)"]
[EventRounds "13"]
[EventCountry "POL"]
[SourceTitle "CBM 115 Extra"]
[Source "ChessBase"]
[SourceDate "2007.01.10"]
[SourceVersion "1"]
[SourceVersionDate "2007.01.10"]
[SourceQuality "1"]

1. Nf3 Nc6 2. c4 e5 3. Nc3 Nf6 4. g3 d5 5. Bg2 g6 6. cxd5 Nxd5 7. d3 Nde7 8. 0-0 Bg7 9. b4 a6 10. a3 0-0 11. Rb1 h6 12. e3 Bf5 13. Ne4 b6 14. Qc2 Qd7 15. Nh4 Bh3 16. Bxh3 Qxh3 17. Nc3 Rad8 18. b5 axb5 19. Nxb5 Rd7 20. Bb2 g5 21. Ng2 Qf5 22. e4 Qf3 23. Ne1 Qh5 24. f3 Nd4 25. Nxd4 exd4 26. Ng2 Qg6 27. f4 f5 28. Rbe1 Kh7 29. Bc1 c5 30. Qa4 Rd6 31. Qa7 Re6 32. g4 fxg4 33. f5 Nxf5 34. exf5 Rxf5 35. Qd7 Rxe1 36. Rxe1 Rf7 37. Qe6 Rf3 38. Qxg6+ Kxg6 39. Rd1 b5 40. Ne1 Rf7 41. Nc2 Be5 42. Re1 Bxh2+ 43. Kg2 Bf4 44. Bxf4 gxf4 45. Re5 f3+ 46. Kf2 g3+ 47. Kxg3 f2 48. Re6+ Kg7 0-1

[Event "Mazowieckie-chT 0506"]
[Site "Poland"]
[Date "2005.11.20"]
[Round "4"]
[White "Pinski, Jan"]
[Black "Piotrowski, Arkadiusz"]
[Result "1-0"]
[WhiteElo "2352"]
[BlackElo "1939"]
[PlyCount "51"]
[EventDate "2005.10.09"]
[EventType "team-tourn"]
[EventRounds "9"]
[EventCountry "POL"]
[SourceTitle "EXT 2019"]
[Source "ChessBase"]
[SourceDate "2018.10.10"]
[SourceVersion "1"]
[SourceVersionDate "2018.10.10"]
[SourceQuality "1"]

1. e4 c6 2. d4 d5 3. f3 e6 4. Be3 b6 5. Nc3 Nf6 6. e5 Nfd7 7. f4 Ba6 8. Bxa6 Nxa6 9. f5 Nc7 10. Qf3 Qc8 11. Nh3 Be7 12. Qg3 g6 13. fxg6 hxg6 14. 0-0 Qa6 15. Ng5 Rf8 16. Nxf7 Nb8 17. Qxg6 Kd7 18. Nd6 Rxf1+ 19. Rxf1 c5 20. Ncb5 Nc6 21. Nxc7 Kxc7 22. Qxe6 cxd4 23. Bxd4 Qe2 24. Qxd5 a6 25. c3 Rd8 26. Bxb6+ 1-0

[Event "Mazowieckie-chT 0506"]
[Site "Poland"]
[Date "2005.10.09"]
[Round "1"]
[White "Pinski, Jan"]
[Black "Podolski, Robert"]
[Result "1-0"]
[WhiteElo "2352"]
[BlackElo "1800"]
[PlyCount "63"]
[EventDate "2005.10.09"]
[EventType "team-tourn"]
[EventRounds "9"]
[EventCountry "POL"]
[SourceTitle "EXT 2019"]
[Source "ChessBase"]
[SourceDate "2018.10.10"]
[SourceVersion "1"]
[SourceVersionDate "2018.10.10"]
[SourceQuality "1"]

1. e4 e5 2. Nf3 Nc6 3. Nc3 Nf6 4. a3 d6 5. h3 Be7 6. d4 exd4 7. Nxd4 Nxd4 8. Qxd4 0-0 9. Bd3 c6 10. 0-0 h6 11. Kh1 Re8 12. Bd2 Be6 13. Rae1 Qd7 14. Qe3 Bf8 15. f4 Qe7 16. Qg3 Kh8 17. e5 dxe5 18. fxe5 Nh7 19. Ne4 b6 20. Nd6 Red8 21. Qf3 Rxd6 22. exd6 Qxd6 23. Qe4 g6 24. Bc3+ Bg7 25. Bxg7+ Kxg7 26. Qf4 Qxf4 27. Rxf4 Rd8 28. Ref1 Rd7 29. b4 Nf8 30. Bc4 Kg8 31. c3 Kg7 32. Kg1 1-0

[Event "POL-chT 57th"]
[Site "Glogow"]
[Date "2001.09.12"]
[Round "5"]
[White "Pinski, Jan"]
[Black "Stempin, Pawel"]
[Result "0-1"]
[WhiteElo "2383"]
[BlackElo "2407"]
[PlyCount "116"]
[EventDate "2001.09.08"]
[EventType "team-tourn"]
[EventRounds "9"]
[EventCountry "POL"]
[SourceTitle "EXT 2019"]
[Source "ChessBase"]
[SourceDate "2018.10.10"]
[SourceVersion "1"]
[SourceVersionDate "2018.10.10"]
[SourceQuality "1"]
[WhiteTeam "Lomza Devo Maraton"]
[BlackTeam "Poznan Pocztowiec"]
[WhiteTeamCountry "POL"]
[BlackTeamCountry "POL"]

1. e4 e5 2. Nf3 Nc6 3. Nc3 Nf6 4. g3 d5 5. exd5 Nxd5 6. Bg2 Nxc3 7. bxc3 Bd6 8. 0-0 Bg4 9. h3 Bh5 10. Rb1 Rb8 11. d3 0-0 12. g4 Bg6 13. Ng5 h6 14. Ne4 f5 15. Ng3 fxg4 16. Qxg4 Kh7 17. h4 Qf6 18. Bd5 Bf7 19. Bg5 hxg5 20. hxg5 Bxd5 21. gxf6 Rxf6 22. Qh5+ Rh6 23. Qf5+ Kh8 24. f3 Ne7 25. Qg4 Rf8 26. Kg2 Rf4 27. Qd7 Ng6 28. Ne4 Bc6 29. Qd8+ Rf8 30. Qg5 Nf4+ 31. Kg3 Rg6 32. Qxg6 Nxg6 33. c4 Kg8 34. Rh1 Bxe4 35. fxe4 b6 36. Rh5 Nf4 37. Rh2 a5 38. Kg4 Rf6 39. Rbh1 Kf7 40. Rh8 Ne2 41. Rc8 Nd4 42. Rh2 Rg6+ 43. Kh3 Rh6+ 44. Kg3 Rxh2 45. Kxh2 Nxc2 46. c5 Bxc5 47. Rxc7+ Kf6 48. Kg3 Nb4 49. Kg4 g6 50. a3 Nxd3 51. a4 Nb2 52. Rc6+ Kf7 53. Kf3 Nxa4 54. Ke2 Bd4 55. Kd3 Nc5+ 56. Kc4 Nxe4 57. Kd5 Nf6+ 58. Kc4 g5 0-1

[Event "POL-chT 57th"]
[Site "Glogow"]
[Date "2001.09.09"]
[Round "2"]
[White "Grycel, Kamil"]
[Black "Pinski, Jan"]
[Result "1/2-1/2"]
[WhiteElo "2242"]
[BlackElo "2383"]
[PlyCount "143"]
[EventDate "2001.09.08"]
[EventType "team-tourn"]
[EventRounds "9"]
[EventCountry "POL"]
[SourceTitle "EXT 2019"]
[Source "ChessBase"]
[SourceDate "2018.10.10"]
[SourceVersion "1"]
[SourceVersionDate "2018.10.10"]
[SourceQuality "1"]
[WhiteTeam "Suwalki Hancza"]
[BlackTeam "Lomza Devo Maraton"]
[WhiteTeamCountry "POL"]
[BlackTeamCountry "POL"]

1. d4 Nf6 2. c4 c5 3. d5 b5 4. cxb5 a6 5. bxa6 g6 6. Nc3 Bxa6 7. e4 Bxf1 8. Kxf1 d6 9. g3 Bg7 10. Kg2 0-0 11. Nf3 Nbd7 12. h3 Qb6 13. Re1 Ne8 14. Re2 Nc7 15. Bg5 h6 16. Be3 Nb5 17. Rc2 Kh7 18. Qe2 Rfb8 19. Rd1 Nd4 20. Bxd4 cxd4 21. Nb1 Rxa2 22. Na3 Rxb2 23. Rxb2 Qxb2 24. Nc2 Ra8 25. Ncxd4 Qxe2 26. Nxe2 Nc5 27. Nd2 Ra2 28. f3 Nb3 29. Nxb3 Rxe2+ 30. Kf1 Re3 31. Nd2 Rc3 32. Ke2 Be5 33. Nf1 Rc4 34. Ke3 f5 35. g4 fxe4 36. fxe4 Kg7 37. Rd3 Rc1 38. Ke2 Bf4 39. Ne3 Kf6 40. Kf3 Bxe3 41. Rxe3 Ke5 42. Ra3 Rf1+ 43. Kg2 Rf7 44. Ra4 Rf4 45. Ra7 Rf7 46. Ra4 g5 47. Kg3 Rf4 48. Ra7 Rf7 49. Ra4 Rf4 50. Ra7 Kxe4 51. Rxe7+ Kxd5 52. Rh7 Rf6 53. h4 gxh4+ 54. Kxh4 Ke5 55. Kh5 d5 56. Rxh6 Rf1 57. Ra6 d4 58. Ra8 Rh1+ 59. Kg5 d3 60. Re8+ Kd4 61. Rd8+ Ke3 62. Re8+ Kf3 63. Rd8 Rd1 64. Kf5 d2 65. g5 Rf1 66. Rxd2 Ke3+ 67. Ke6 Kxd2 68. g6 Rg1 69. Kf7 Ke3 70. g7 Kf4 71. g8Q Rxg8 72. Kxg8 1/2-1/2